00518nam a22001937a 450000500170000001000130001702000220003003500130005203700160006504000120008108200160009310000210010924500800013026000310021027000100024130000230025150000230027465000270029720170124110224.0 aA-257823 c00.00a0582352614 aA-257823 bCen Lib/Ret aDPLbEN a910.3bCLA  aClark, Audrey N. aLongman dictionary og geography :cby Audrey N. Clarkbhuman and physical / aEssexbLongman groupc1985 bEssex aix,724p.c22cm(Hb) aIncludes appendix  aGeography vDictionary